00361nam a22001337a 4500008004100000020001800041100002100059245006500080260002300145270002200168300000800190490000800198700002100206220928b ||||| |||| 00| 0 eng d a9788123755533 aLopez, Leela J.  aLachu /cby Leela J. Lopez; illustrated by Amitava Sengupta  aDehradunbN.I.V.H. aN.I.V.H.,Dehradun a... v1-4 aLopez, Leela J.